00807nac a22002297a 4500001001000000003000900010005001700019008003400036040005400070072000800124100001800132110014300150245009700293260004900390300001000439490005900449500001700508650001800525650001000543650001000553650001400563BR8104448BR-BrBNA20240105115032.0230509b bl.|||m| |||| 00| 0 por d aBR-BrBNAbporcBiblioteca Nacional de Agricultura aF231 aMezzalira, S.1 aUniversidade Estadual Paulista Julio de Mesquita Filho, Sao Jose do Rio Preto, SP (Brasil). Inst. de Biociencias, Letras e Ciencias Exatas1 aA paleontologia no estado de Sao Paulo: sua evolucao e seus problemas [fauna, flora, Brasil]3 aSao Jose do Rio Preto, SP (Brasil): c1981.  a19 p. aInter-Facies. Escritos e Documentos (Brazil)vno. 60x aSummary (En) aPALEONTOLOGIA aFAUNA aFLORA aSAO PAULO